INVESTMENT VALUATION 4TH ED (Record no. 8363)

MARC details
000 -LEADER
fixed length control field 00340nam a2200133Ia 4500
008 - FIXED-LENGTH DATA ELEMENTS--GENERAL INFORMATION
fixed length control field 260604s9999 xx 000 0 und d
020 ## - INTERNATIONAL STANDARD BOOK NUMBER
International Standard Book Number 9781394262731
082 ## - DEWEY DECIMAL CLASSIFICATION NUMBER
Classification number 658.15 DAM
100 ## - MAIN ENTRY--PERSONAL NAME
Personal name DAMODARAN [ASWATH]
9 (RLIN) 35542
245 #0 - TITLE STATEMENT
Title INVESTMENT VALUATION 4TH ED
260 ## - PUBLICATION, DISTRIBUTION, ETC.
Name of publisher, distributor, etc. JOHN WILEY & SONS
500 ## - GENERAL NOTE
General note Innovation, Valuation
942 ## - ADDED ENTRY ELEMENTS (KOHA)
Koha item type Book
Holdings
Date last seen Total Checkouts Full call number Barcode Cost, replacement price Price effective from Koha item type Lost status Damaged status Not for loan Withdrawn status Home library Current library Shelving location Date acquired Cost, normal purchase price BOOK NO
06/04/2026   658.15 DAM 003981 9360.49 06/04/2026 Book         Indian Institute of Management Visakhapatnam Indian Institute of Management Visakhapatnam   06/04/2026 9360.49 DAM

Copyright © 2024 Indian Institute of Management Visakhapatnam
Koha v23.05